[Event "4NCL Online Division 2"]
[Site "online"]
[Date "2020.11.17"]
[Round "7.83"]
[White "Perkins, Peter T"]
[Black "Hurley, Jake"]
[Result "0-1"]
[WhiteElo "1682"]
[BlackElo "1780"]
[PlyCount "74"]
[EventDate "2020.11.17"]
[WhiteTeam "Hull & Beverley Romans 2"]
[BlackTeam "West is Best B"]

1. d4 e5 2. dxe5 Nc6 3. Nf3 Qe7 4. b3 Nxe5 5. Bb2 Nxf3+ 6. gxf3 Nf6 7. Bh3 Qb4+
8. Nd2 Qh4 9. Bxf6 gxf6 10. Bf1 d5 11. c3 Bc5 12. e3 Bxe3 13. Qe2 Kd8 14. O-O-O
Qxf2 15. Qd3 Qxf3 16. Be2 Bxd2+ 17. Qxd2 Qf5 18. Qxd5+ Qxd5 19. Rxd5+ Ke7 20.
Rh5 f5 21. Bf3 c6 22. Re1+ Kf6 23. Rh6+ Kg7 24. Rh4 Rg8 25. Re7 Kf6 26. Rc7 Rg7
27. Rd4 Rg8 28. Rd6+ Ke5 29. Rh6 Kf4 30. Bd1 Be6 31. Rxb7 Rad8 32. Kb2 Rxd1 33.
Rxh7 Ke3 34. Rxa7 f4 35. Ra4 f3 36. Rhh4 Bd5 37. Raf4 f2 0-1

[Event "4NCL Online Division 2"]
[Site "online"]
[Date "2020.11.17"]
[Round "7.91"]
[White "Orlovska, Madara"]
[Black "Hasson, Peter"]
[Result "0-1"]
[WhiteElo "2125"]
[BlackElo "2072"]
[PlyCount "158"]
[EventDate "2020.11.17"]
[WhiteTeam "Catford Cosmonauts 1"]
[BlackTeam "CSC 2"]

1. d4 Nf6 2. Nc3 g6 3. e4 d6 4. Be3 c6 5. Qd2 b5 6. Bd3 Nbd7 7. Nf3 e5 8. h3
Bb7 9. O-O Bg7 10. dxe5 dxe5 11. Bh6 O-O 12. Bxg7 Kxg7 13. a4 a6 14. Qe3 Qe7
15. Nd2 Ne8 16. Nb3 b4 17. Ne2 a5 18. f4 Nc7 19. f5 f6 20. fxg6 hxg6 21. Rf2
Ne6 22. Bc4 Ndc5 23. Nd2 Ba6 24. Bxa6 Nxa6 25. Nc4 Nac5 26. b3 Ng5 27. Ng3 Nge6
28. Rd1 Nd4 29. Rfd2 Nce6 30. Kh2 Rfd8 31. Ne2 Nxc2 32. Qb6 Rxd2 33. Rxd2 Ncd4
34. Nxa5 Qa7 35. Qxa7+ Rxa7 36. Nxd4 Nxd4 37. Nc4 Nxb3 38. Rb2 Nc5 39. a5 b3
40. g4 Kf7 41. g5 Ke6 42. gxf6 Kxf6 43. Rf2+ Ke6 44. Rg2 Nxe4 45. Rxg6+ Kd5 46.
Nb6+ Kd4 47. Rxc6 b2 48. Rc4+ Kd3 49. Rb4 Kc2 50. Nc4 Kc3 51. Rxb2 Kxc4 52. Ra2
Nc5 53. Kg3 Nb7 54. a6 Nc5 55. h4 Kd5 56. h5 Ke6 57. h6 Kf6 58. Rh2 Ne4+ 59.
Kg4 Ng5 60. Rf2+ Kg6 61. Rf5 Nf7 62. Rh5 Nxh6+ 63. Kh4 Nf7 64. Kg4 Rxa6 65. Rh1
Ra4+ 66. Kf3 Kf5 67. Rh5+ Ng5+ 68. Ke3 Ra3+ 69. Ke2 Kg4 70. Rh8 Kf4 71. Rh4+
Kf5 72. Rh8 Ne6 73. Rh5+ Ke4 74. Kd2 Nf4 75. Rh4 Kf3 76. Kc2 e4 77. Kd2 Rd3+
78. Kc2 Rd8 79. Rh1 Kf2 0-1

[Event "4NCL Online Division 2"]
[Site "online"]
[Date "2020.11.17"]
[Round "7.92"]
[White "Fegan, Chris"]
[Black "Sedykh, Mikhail"]
[Result "1/2-1/2"]
[WhiteElo "2034"]
[BlackElo "2192"]
[PlyCount "95"]
[EventDate "2020.11.17"]
[WhiteTeam "CSC 2"]
[BlackTeam "Catford Cosmonauts 1"]

1. e4 e5 2. Nf3 Nf6 3. Nc3 Nc6 4. Bb5 Nd4 5. Bc4 Bc5 6. O-O d6 7. h3 Be6 8.
Bxe6 fxe6 9. d3 O-O 10. Nxd4 Bxd4 11. Ne2 Bb6 12. Be3 c6 13. Qd2 Rf7 14. a4 a5
15. c3 d5 16. Ng3 Qc7 17. c4 dxc4 18. dxc4 Rd8 19. Bxb6 Rxd2 20. Bxc7 Rxc7 21.
b3 Rcd7 22. Rab1 c5 23. Rfe1 R7d6 24. Kf1 h5 25. h4 g6 26. f3 Nd7 27. Ne2 Nb8
28. Nc3 R6d3 29. Red1 Nc6 30. Rxd2 Rxd2 31. Rd1 Rb2 32. Rb1 Rc2 33. Nb5 Nd4 34.
Nd6 Rc3 35. Nxb7 Nxb3 36. Ke1 Kf8 37. Nd6 Ke7 38. Nb5 Rc1+ 39. Rxc1 Nxc1 40.
Kd2 Nb3+ 41. Kc3 Nd4 42. Kd3 Kd7 43. f4 Nc6 44. g3 Nb4+ 45. Kc3 Nc6 46. Kd3
Nb4+ 47. Kc3 Nc6 48. Kd3 1/2-1/2

[Event "4NCL Online Division 2"]
[Site "online"]
[Date "2020.11.17"]
[Round "7.93"]
[White "Robertson, Mark M"]
[Black "Kallitsis, Nikolaos"]
[Result "1-0"]
[WhiteElo "2087"]
[BlackElo "2034"]
[PlyCount "113"]
[EventDate "2020.11.17"]
[WhiteTeam "Catford Cosmonauts 1"]
[BlackTeam "CSC 2"]

1. e4 e6 2. d4 d5 3. Nd2 c5 4. exd5 Qxd5 5. Ngf3 cxd4 6. Bc4 Qd6 7. O-O Nf6 8.
Nb3 Nc6 9. Nbxd4 Nxd4 10. Qxd4 Qxd4 11. Nxd4 a6 12. a4 Bc5 13. Nb3 Ba7 14. h3
Bd7 15. Bd3 h6 16. Re1 Ke7 17. Bd2 Rhc8 18. Bb4+ Ke8 19. Bd6 Bb6 20. a5 Ba7 21.
Be5 Ke7 22. Rad1 Ba4 23. Na1 Bc5 24. b3 Bd7 25. c3 Ne8 26. b4 Bd6 27. Bd4 f6
28. Nb3 Ba4 29. Rb1 e5 30. Nc5 Bc6 31. f4 Nc7 32. fxe5 fxe5 33. Kh2 Kf6 34.
Rf1+ Ke7 35. Rbe1 Ne6 36. Nxe6 Kxe6 37. Bf5+ Kd5 38. Bxc8 exd4+ 39. Kg1 Rxc8
40. Rd1 Ke6 41. Rxd4 Be5 42. Re1 Kf6 43. Rd3 Re8 44. Rde3 g5 45. Rf1+ Kg6 46.
Rfe1 Kf5 47. Rf1+ Ke6 48. Rfe1 Kd6 49. Rd1+ Kc7 50. Rde1 Kd6 51. Rd1+ Ke6 52.
Rde1 Kd5 53. Re4 Re7 54. R4e3 Kd6 55. Rd1+ Ke6 56. Rde1 Kf7 57. Rxe5 1-0

[Event "4NCL Online Division 2"]
[Site "online"]
[Date "2020.11.17"]
[Round "7.94"]
[White "Garwood, Colin"]
[Black "Vidruska, Renate"]
[Result "0-1"]
[WhiteElo "2087"]
[BlackElo "1998"]
[PlyCount "78"]
[EventDate "2020.11.17"]
[WhiteTeam "CSC 2"]
[BlackTeam "Catford Cosmonauts 1"]

1. c4 e6 2. Nf3 d5 3. d4 Nf6 4. g3 Be7 5. Bg2 O-O 6. O-O dxc4 7. Ne5 Nc6 8.
Nxc6 bxc6 9. Bxc6 Rb8 10. Nc3 Bb7 11. Bxb7 Rxb7 12. Qa4 Qxd4 13. Be3 Qg4 14. f3
Qf5 15. Qxc4 Rxb2 16. Bxa7 Qa5 17. Bf2 Ba3 18. Nd1 Rb4 19. Qc3 Nd5 20. Qe1 Ra8
21. e4 Nb6 22. Ne3 Qa4 23. Qd1 Bb2 24. Nc2 Rc4 25. Ne3 Rd4 26. Qxa4 Rdxa4 27.
Rab1 Rxa2 28. f4 Bd4 29. Rfd1 R8a4 30. Ng4 Bxf2+ 31. Nxf2 f6 32. Rbc1 Ra7 33.
Rc6 Re2 34. e5 fxe5 35. Rxe6 Raa2 36. Rd8+ Kf7 37. Rde8 Nd5 38. Rxe5 Rxf2 39.
Rd8 Nf6 0-1

[Event "4NCL Online Division 2"]
[Site "online"]
[Date "2020.11.17"]
[Round "7.101"]
[White "Villiers, Thomas"]
[Black "Madden, Paul"]
[Result "1-0"]
[WhiteElo "2252"]
[BlackElo "2087"]
[PlyCount "65"]
[EventDate "2020.11.17"]
[WhiteTeam "Mushrooms 1"]
[BlackTeam "Ashfield Anonymous A"]

1. Nf3 Nf6 2. c4 g6 3. Nc3 d5 4. cxd5 Nxd5 5. d4 Bg7 6. Qb3 Nxc3 7. bxc3 c5 8.
e3 Nc6 9. Be2 O-O 10. O-O Na5 11. Qa3 c4 12. Rb1 Bf5 13. Rb5 b6 14. Ne5 Rc8 15.
Bf3 f6 16. Rxa5 bxa5 17. Nc6 Rxc6 18. Bxc6 Bd3 19. Re1 Qb6 20. Qa4 Rc8 21. Bd5+
Kf8 22. Ba3 Rc7 23. Bc5 Qb2 24. Qxa5 Qd2 25. Ra1 Qb2 26. Rd1 Qc2 27. Bf3 Rc8
28. Qxa7 Re8 29. Qa3 Rb8 30. Bxe7+ Kg8 31. Bb4 Bf8 32. Qa7 Rxb4 33. cxb4 1-0

[Event "4NCL Online Division 2"]
[Site "online"]
[Date "2020.11.17"]
[Round "7.102"]
[White "Garnett, John S"]
[Black "Wilks, Simon"]
[Result "0-1"]
[WhiteElo "1960"]
[BlackElo "2207"]
[PlyCount "160"]
[EventDate "2020.11.17"]
[WhiteTeam "Ashfield Anonymous A"]
[BlackTeam "Mushrooms 1"]

1. d4 Nf6 2. Bg5 d5 3. e3 c5 4. Bxf6 gxf6 5. c3 Nc6 6. Nf3 cxd4 7. cxd4 Qb6 8.
Qd2 Bg4 9. Nc3 e6 10. a3 Qa5 11. Rc1 Be7 12. Bd3 a6 13. h3 Bh5 14. Ne2 Qxd2+
15. Nxd2 Bg6 16. Nf4 Bd6 17. Nxg6 hxg6 18. Nb3 Kd7 19. Nc5+ Bxc5 20. Rxc5 b6
21. Rc2 Rhc8 22. Kd2 Ne7 23. Rhc1 Rxc2+ 24. Rxc2 Nc8 25. e4 Nd6 26. exd5 exd5
27. f3 a5 28. Rc1 Rh8 29. b4 axb4 30. axb4 Ra8 31. Rc2 Ra1 32. Rc1 Ra4 33. Rb1
Ra2+ 34. Bc2 Nc4+ 35. Kd3 b5 36. Re1 Ra3+ 37. Ke2 f5 38. g4 fxg4 39. hxg4 Ra2
40. Kd3 Ra3+ 41. Ke2 Re3+ 42. Kf2 Rc3 43. Re2 Na3 44. Bd1 Rd3 45. Ra2 Rxd1 46.
Rxa3 Rxd4 47. Rb3 Ke6 48. Ke3 Rd1 49. Rb2 Rc1 50. Rb3 Rc4 51. Rb1 Ke5 52. Rb2
d4+ 53. Kd3 Rc3+ 54. Ke2 Kf4 55. Rd2 Re3+ 56. Kf2 Rxf3+ 57. Ke2 Re3+ 58. Kf2
Ke4 59. Ra2 Kd5 60. Ra7 f5 61. gxf5 gxf5 62. Rd7+ Kc4 63. Rf7 Kxb4 64. Rxf5 Re8
65. Rd5 Kc4 66. Rd7 b4 67. Rc7+ Kd3 68. Rb7 Kc3 69. Rc7+ Kb2 70. Rc4 b3 71.
Rxd4 Kc3 72. Rd7 b2 73. Rc7+ Kb3 74. Rb7+ Kc2 75. Rc7+ Kb1 76. Kf3 Re5 77. Rc8
Ka2 78. Ra8+ Kb3 79. Rb8+ Kc3 80. Rc8+ Kb4 0-1

[Event "4NCL Online Division 2"]
[Site "online"]
[Date "2020.11.17"]
[Round "7.103"]
[White "Scott, David A"]
[Black "Truman, Richard G"]
[Result "0-1"]
[WhiteElo "2057"]
[BlackElo "2035"]
[PlyCount "176"]
[EventDate "2020.11.17"]
[WhiteTeam "Mushrooms 1"]
[BlackTeam "Ashfield Anonymous A"]

1. d4 Nf6 2. Nf3 g6 3. g3 Bg7 4. Bg2 O-O 5. O-O d5 6. c4 dxc4 7. Na3 Nc6 8.
Nxc4 Be6 9. b3 Bd5 10. Bb2 a5 11. Ne3 Be4 12. a3 Ra6 13. Rc1 Qc8 14. Nc4 Rd8
15. e3 Nd7 16. Qe2 e5 17. dxe5 Nc5 18. Rfd1 Nxb3 19. Rxd8+ Qxd8 20. Rd1 Qe7 21.
Nd4 Bxg2 22. Kxg2 a4 23. Nxb3 axb3 24. Qd3 b5 25. Nd2 Nxe5 26. Qxb3 Rb6 27. Bd4
c5 28. Bxe5 Bxe5 29. Qd5 Qd6 30. Ne4 Qxd5 31. Rxd5 Bb2 32. Nxc5 Bxa3 33. Nd7
Rb7 34. Nf6+ Kg7 35. Ne8+ Kh6 36. g4 Be7 37. f4 g5 38. h4 f6 39. fxg5+ fxg5 40.
h5 Rb8 41. Nd6 Bxd6 42. Rxd6+ Kg7 43. Rd7+ Kg8 44. Rd3 b4 45. Rb3 Kf7 46. e4
Ke6 47. Kf3 Ke5 48. Ke3 h6 49. Rb2 b3 50. Kd3 Rb4 51. Kc3 Rxe4 52. Kxb3 Rxg4
53. Re2+ Re4 54. Rf2 Rf4 55. Rg2 Rh4 56. Kc3 Rxh5 57. Kd3 Rh3+ 58. Ke2 Kf4 59.
Rf2+ Ke4 60. Rf8 Rh2+ 61. Kf1 g4 62. Kg1 Ra2 63. Rh8 Ra6 64. Kg2 Rg6 65. Re8+
Kf4 66. Ra8 h5 67. Ra4+ Kg5 68. Ra5+ Kh4 69. Ra1 g3 70. Ra4+ Rg4 71. Ra3 Rb4
72. Ra5 Kg4 73. Kg1 h4 74. Ra8 Kh3 75. Ra1 Rb2 76. Rc1 Rf2 77. Ra1 Kg4 78. Ra8
h3 79. Rg8+ Kf3 80. Rf8+ Ke3 81. Re8+ Kd4 82. Rd8+ Kc5 83. Rc8+ Kd6 84. Rd8+
Ke7 85. Rh8 h2+ 86. Kh1 Rf1+ 87. Kg2 Rg1+ 88. Kf3 h1=Q+ 0-1

[Event "4NCL Online Division 2"]
[Site "online"]
[Date "2020.11.17"]
[Round "7.104"]
[White "Flynn, David"]
[Black "Wilson, David Jn"]
[Result "0-1"]
[WhiteElo "1862"]
[BlackElo "2035"]
[PlyCount "66"]
[EventDate "2020.11.17"]
[WhiteTeam "Ashfield Anonymous A"]
[BlackTeam "Mushrooms 1"]

1. e4 c5 2. Nc3 Nc6 3. Bb5 Nd4 4. Nf3 Nxb5 5. Nxb5 Nf6 6. e5 Nd5 7. O-O a6 8.
Nc3 Nxc3 9. bxc3 e6 10. d4 d5 11. a4 Bd7 12. Bd2 Be7 13. Qc1 O-O 14. Ne1 Qb6
15. a5 Qc7 16. f4 Bb5 17. Rf2 Rac8 18. Qd1 b6 19. axb6 Qxb6 20. Be3 Rc7 21.
dxc5 Bxc5 22. Bd4 f6 23. exf6 Rxf6 24. g3 e5 25. fxe5 Rxf2 26. Kxf2 Rf7+ 27.
Kg2 Bf1+ 28. Kg1 Bh3 29. Ng2 Bxd4+ 30. cxd4 a5 31. c3 Qb2 32. Ne3 Qf2+ 33. Kh1
Qxe3 0-1

[Event "4NCL Online Division 2"]
[Site "online"]
[Date "2020.11.17"]
[Round "7.112"]
[White "Gao, Ian"]
[Black "Wilson, Edgar"]
[Result "1-0"]
[WhiteElo "1960"]
[BlackElo "1952"]
[PlyCount "105"]
[EventDate "2020.11.17"]
[WhiteTeam "The Rook1Es"]
[BlackTeam "Oxford 2"]

1. Nf3 d5 2. g3 Nf6 3. Bg2 e6 4. O-O c5 5. d4 Nc6 6. c4 dxc4 7. dxc5 Qxd1 8.
Rxd1 Bxc5 9. Nbd2 O-O 10. Nxc4 b5 11. Nfe5 Nxe5 12. Nxe5 Rb8 13. Bf4 Rb6 14.
Nd3 Bd6 15. Be3 Ra6 16. a3 h6 17. Rac1 Nd5 18. Bxd5 exd5 19. Bc5 Rc6 20. Bxd6
Rxd6 21. Nb4 Be6 22. Rc7 a6 23. Ra7 Rc8 24. Kg2 d4 25. Rd2 Rc1 26. Rxa6 Rxa6
27. Nxa6 Rc4 28. Nb4 Bf5 29. f3 Kf8 30. Kf2 Ke7 31. Rxd4 Rc1 32. g4 Be6 33. Rd2
Bc4 34. h4 g6 35. Kg3 Ke6 36. e4 Rg1+ 37. Kf4 f6 38. Nc6 Rh1 39. b3 g5+ 40.
hxg5 hxg5+ 41. Kg3 Bf1 42. Rd1 Bg2 43. Rxh1 Bxh1 44. Kh2 Kd6 45. Kxh1 Kxc6 46.
Kg2 Kc5 47. Kg3 Kd4 48. a4 bxa4 49. bxa4 Kc4 50. f4 Kb4 51. e5 fxe5 52. fxe5
Kc5 53. a5 1-0

[Event "4NCL Online Division 2"]
[Site "online"]
[Date "2020.11.17"]
[Round "7.113"]
[White "Bush, Ian"]
[Black "Saunders, Aron"]
[Result "1/2-1/2"]
[WhiteElo "1862"]
[BlackElo "1907"]
[PlyCount "83"]
[EventDate "2020.11.17"]
[WhiteTeam "Oxford 2"]
[BlackTeam "The Rook1Es"]

1. e4 c6 2. d4 d5 3. exd5 cxd5 4. c4 Nf6 5. Nc3 Nc6 6. Bg5 Be6 7. Be2 g6 8. Bf3
Bf5 9. Nxd5 Bg7 10. Nxf6+ exf6 11. Bxc6+ bxc6 12. Be3 O-O 13. Nf3 Qa5+ 14. Qd2
Qxd2+ 15. Nxd2 Bd3 16. Rc1 c5 17. Nb3 cxd4 18. Nxd4 Rac8 19. b3 f5 20. Kd2 Be4
21. f3 Rcd8 22. Kc3 Rfe8 23. Rhe1 Bxf3 24. gxf3 Rxe3+ 25. Rxe3 Bxd4+ 26. Kd3
Bb2+ 27. Kc2 Bxc1 28. Kxc1 Kf8 29. Kc2 f6 30. Kc3 Kf7 31. b4 f4 32. Re2 Re8 33.
Rxe8 Kxe8 34. Kd4 Kd7 35. Kd5 g5 36. c5 g4 37. Ke4 g3 38. hxg3 fxg3 39. Ke3 h5
40. f4 h4 41. Kf3 Kc6 42. a3 1/2-1/2

[Event "4NCL Online Division 2"]
[Site "online"]
[Date "2020.11.17"]
[Round "7.114"]
[White "Goodhew, Finn"]
[Black "Cole, Graham"]
[Result "1-0"]
[WhiteElo "1585"]
[BlackElo "1818"]
[PlyCount "85"]
[EventDate "2020.11.17"]
[WhiteTeam "The Rook1Es"]
[BlackTeam "Oxford 2"]

1. d4 Nf6 2. c4 g6 3. Nc3 Bg7 4. e4 d6 5. f3 O-O 6. Be3 c5 7. d5 e6 8. Nge2
exd5 9. cxd5 Nbd7 10. Ng3 Ne5 11. Be2 a6 12. a4 h5 13. O-O h4 14. Nh1 h3 15. g4
c4 16. Nf2 Rb8 17. a5 Bd7 18. Nxh3 Qc8 19. Nf2 Bb5 20. h3 Nfd7 21. f4 Nd3 22.
Nxd3 cxd3 23. Bxd3 Bxd3 24. Qxd3 Nc5 25. Qc2 Re8 26. e5 dxe5 27. f5 gxf5 28.
Qxf5 Qxf5 29. Rxf5 Nb3 30. Ra3 Nd4 31. Bxd4 exd4 32. Na4 Rbc8 33. Rb3 Rc2 34.
Rf2 Rxf2 35. Kxf2 Rd8 36. Nb6 Kf8 37. Kf3 Ke7 38. h4 Kd6 39. Ke4 Re8+ 40. Kf4
Re1 41. h5 Ra1 42. Kg5 Rxa5 43. Nc4+ 1-0

[Event "4NCL Online Division 2"]
[Site "online"]
[Date "2020.11.17"]
[Round "7.121"]
[White "Lewis, Christopher D"]
[Black "Chesters, Tim"]
[Result "1/2-1/2"]
[WhiteElo "1922"]
[BlackElo "2222"]
[PlyCount "92"]
[EventDate "2020.11.17"]
[WhiteTeam "Shropshire 2"]
[BlackTeam "Hull & Beverley Romans 1"]

1. e4 e5 2. Nf3 Nc6 3. Bb5 a6 4. Ba4 Nf6 5. d3 b5 6. Bb3 Bc5 7. Be3 Bxe3 8.
fxe3 d6 9. c3 Ne7 10. O-O Ng6 11. Qe1 O-O 12. Nbd2 c6 13. Bc2 Re8 14. h3 Qb6
15. Qf2 Ra7 16. Rae1 Rae7 17. Re2 a5 18. Rfe1 Ba6 19. Nf1 b4 20. c4 d5 21. cxd5
cxd5 22. Rd2 dxe4 23. dxe4 Bb7 24. Ng3 Rd8 25. Red1 Ree8 26. Kh2 h6 27. Qe2
Rxd2 28. Rxd2 Qc5 29. Ne1 h5 30. Nd3 Qb6 31. Nf2 Ne7 32. Nf1 g6 33. Qd1 Kg7 34.
Rd6 Qc5 35. Qd3 Rc8 36. Bb3 Bc6 37. Rd8 Rxd8 38. Qxd8 Nxe4 39. Nxe4 Bxe4 40.
Qe8 f5 41. h4 a4 42. Qf7+ Kh6 43. Qf8+ Kh7 44. Qf7+ Kh6 45. Qf8+ Kh7 46. Qf7+
Kh6 1/2-1/2

[Event "4NCL Online Division 2"]
[Site "online"]
[Date "2020.11.17"]
[Round "7.122"]
[White "Vleeshhouwer, Douglas"]
[Black "Ilesanmi, Olusegun"]
[Result "1/2-1/2"]
[WhiteElo "2065"]
[BlackElo "1915"]
[PlyCount "65"]
[EventDate "2020.11.17"]
[WhiteTeam "Hull & Beverley Romans 1"]
[BlackTeam "Shropshire 2"]

1. b3 e5 2. Bb2 Nc6 3. e3 Nf6 4. Bb5 Bd6 5. Na3 Be7 6. Nc4 e4 7. Bxc6 bxc6 8.
Ne2 Ba6 9. Ne5 O-O 10. c4 Bb7 11. Ng3 c5 12. Ng4 d6 13. O-O Nxg4 14. Qxg4 g6
15. Nf5 Bf6 16. Bxf6 Qxf6 17. Ng3 Qe7 18. Ne2 f5 19. Qg3 Rfb8 20. Rfb1 Bc6 21.
h4 a5 22. Qg5 Qxg5 23. hxg5 a4 24. Kh2 axb3 25. axb3 Rxa1 26. Rxa1 Rxb3 27. Ra7
Rb7 28. Ra8+ Kf7 29. Nf4 Be8 30. Kg3 c6 31. f3 Ke7 32. Kf2 Rd7 33. Rc8 1/2-1/2

[Event "4NCL Online Division 2"]
[Site "online"]
[Date "2020.11.17"]
[Round "7.123"]
[White "Kolbusz, George"]
[Black "Hodge, Steve R"]
[Result "1/2-1/2"]
[WhiteElo "1900"]
[BlackElo "1997"]
[PlyCount "78"]
[EventDate "2020.11.17"]
[WhiteTeam "Shropshire 2"]
[BlackTeam "Hull & Beverley Romans 1"]

1. d4 f5 2. g3 Nf6 3. Bg2 g6 4. Nf3 Bg7 5. O-O O-O 6. b3 d6 7. Bb2 e6 8. Nbd2
Qe7 9. Re1 Ne4 10. Nxe4 fxe4 11. Nd2 d5 12. f3 exf3 13. exf3 Nc6 14. Nf1 Qf7
15. Kh1 Bd7 16. Ne3 Rad8 17. f4 Rc8 18. c3 h6 19. Rf1 Ne7 20. Ba3 b6 21. Bxe7
Qxe7 22. Ng4 c5 23. Ne5 Bxe5 24. fxe5 Kg7 25. Qd2 cxd4 26. cxd4 Rxf1+ 27. Rxf1
g5 28. g4 Be8 29. h3 Bg6 30. Kh2 Rc2 31. Qe1 Be4 32. Rf2 Rxf2 33. Qxf2 Bxg2 34.
Kxg2 Qf7 35. Qd2 Qg6 36. Qe2 Qf7 37. b4 Qf4 38. Qf2 Qxf2+ 39. Kxf2 b5 1/2-1/2

[Event "4NCL Online Division 2"]
[Site "online"]
[Date "2020.11.17"]
[Round "7.124"]
[White "Turner, Tim M"]
[Black "Pugh, Glyn D"]
[Result "1/2-1/2"]
[WhiteElo "1892"]
[BlackElo "1900"]
[PlyCount "79"]
[EventDate "2020.11.17"]
[WhiteTeam "Hull & Beverley Romans 1"]
[BlackTeam "Shropshire 2"]

1. d4 Nf6 2. Nf3 c5 3. d5 d6 4. c4 e5 5. Nc3 Be7 6. e4 Nbd7 7. Bd3 O-O 8. Bd2
a6 9. O-O Rb8 10. Qe2 g6 11. Rae1 Nh5 12. g4 Nf4 13. Bxf4 exf4 14. h3 Ne5 15.
Nxe5 dxe5 16. f3 Bd6 17. Qc2 Qh4 18. Qg2 Bd7 19. Rb1 Kh8 20. Kh2 f5 21. Qf2 Qh6
22. exf5 gxf5 23. Rg1 e4 24. Bxe4 fxe4 25. Nxe4 b6 26. a3 Be7 27. Rgd1 Rbe8 28.
b4 Bh4 29. Qf1 Rxe4 30. fxe4 Bxg4 31. hxg4 Bg3+ 32. Kg2 Qh2+ 33. Kf3 Rg8 34. e5
Qh4 35. e6 Qxg4+ 36. Ke4 Qg6+ 37. Kf3 Qg4+ 38. Ke4 Qg6+ 39. Kf3 Qg4+ 40. Ke4
1/2-1/2

[Event "4NCL Online Division 2"]
[Site "online"]
[Date "2020.11.17"]
[Round "7.131"]
[White "Veisseire, Arthur"]
[Black "Bansal, Rohan"]
[Result "0-1"]
[WhiteElo "1907"]
[BlackElo "2147"]
[PlyCount "50"]
[EventDate "2020.11.17"]
[WhiteTeam "Gonzaga Cing is Believing"]
[BlackTeam "Kent KJCA Kestrels B"]

1. e4 e6 2. d4 d5 3. exd5 exd5 4. c4 Bb4+ 5. Nc3 Nf6 6. Nf3 O-O 7. h3 Re8+ 8.
Be3 Be6 9. Qb3 Nc6 10. c5 Bxc5 11. dxc5 d4 12. Qxb7 dxc3 13. Qxc6 Bd5 14. Qa4
Bxf3 15. bxc3 Rxe3+ 16. fxe3 Ne4 17. Qe8+ Qxe8 18. gxf3 Ng3 19. Kf2 Nxh1+ 20.
Kg2 Qxe3 21. Kxh1 Rd8 22. Bg2 Rd2 23. Rb1 h6 24. a4 Qe2 25. Rg1 Rd1 0-1

[Event "4NCL Online Division 2"]
[Site "online"]
[Date "2020.11.17"]
[Round "7.132"]
[White "Watson, Jacob"]
[Black "O'neill, Sam"]
[Result "0-1"]
[WhiteElo "2050"]
[BlackElo "1889"]
[PlyCount "138"]
[EventDate "2020.11.17"]
[WhiteTeam "Kent KJCA Kestrels B"]
[BlackTeam "Gonzaga Cing is Believing"]

1. e4 e5 2. Nf3 Nc6 3. Bb5 Nf6 4. d3 d6 5. c3 Be7 6. O-O O-O 7. Nbd2 a6 8. Ba4
h6 9. Re1 b5 10. Bc2 Nh7 11. Nf1 Ng5 12. Ne3 Nxf3+ 13. Qxf3 Bg5 14. a4 b4 15.
Nf5 Rb8 16. Qg3 Bxf5 17. exf5 Qf6 18. Bxg5 Qxg5 19. Qxg5 hxg5 20. g4 bxc3 21.
bxc3 Rb2 22. Bd1 Rfb8 23. Bf3 Ne7 24. d4 f6 25. Be2 a5 26. Bc4+ Kf8 27. Rac1 c6
28. dxe5 fxe5 29. Be6 Nc8 30. c4 R2b4 31. c5 Rxg4+ 32. Kf1 d5 33. Rxe5 Rxa4 34.
Bd7 Ne7 35. Rce1 Re4 36. R5xe4 dxe4 37. Rxe4 Rb5 38. Rc4 Kf7 39. Kg2 Kf6 40.
Kf3 Rb7 41. Be8 Kxf5 42. h4 Rb3+ 43. Kg2 Rb4 44. Bd7+ Ke5 45. Rc2 gxh4 46. Re2+
Re4 47. Rd2 Rd4 48. Re2+ Kf6 49. Re6+ Kf7 50. Rd6 Rxd6 51. cxd6 Nd5 52. Bxc6
Nb6 53. Kh3 a4 54. Be4 a3 55. Bb1 g5 56. f4 gxf4 57. Kxh4 Ke6 58. Kg4 Nd5 59.
Ba2 Kxd6 60. Kf3 Ke5 61. Bb3 Nc3 62. Bg8 a2 63. Bxa2 Nxa2 64. Kf2 Ke4 65. Ke2
f3+ 66. Kf2 Kf4 67. Kf1 Ke3 68. Ke1 f2+ 69. Kf1 Nb4 0-1

[Event "4NCL Online Division 2"]
[Site "online"]
[Date "2020.11.17"]
[Round "7.133"]
[White "Cullen, Ben"]
[Black "Jugand, Jean-Baptiste"]
[Result "1/2-1/2"]
[WhiteElo "1888"]
[BlackElo "2057"]
[PlyCount "133"]
[EventDate "2020.11.17"]
[WhiteTeam "Gonzaga Cing is Believing"]
[BlackTeam "Kent KJCA Kestrels B"]

1. d4 d5 2. c4 c6 3. Nf3 dxc4 4. e4 b5 5. a4 Bb7 6. b3 Nf6 7. e5 Nd5 8. axb5
cxb5 9. bxc4 bxc4 10. Bxc4 e6 11. O-O Be7 12. Ba3 O-O 13. Qb3 Qb6 14. Nbd2 Qxb3
15. Bxb3 Nb4 16. Nc4 Bxf3 17. gxf3 N8c6 18. Rfd1 Rfd8 19. Bb2 h6 20. Na5 Rab8
21. Nxc6 Nxc6 22. Ba4 Rxb2 23. Bxc6 Bh4 24. Rxa7 Bxf2+ 25. Kh1 Rxd4 26. Ra8+
Kh7 27. Rxd4 Bxd4 28. Rf8 Bxe5 29. Rxf7 Rxh2+ 30. Kg1 Kg6 31. Be8 Re2 32. Kf1
Rh2 33. Kg1 Re2 34. Kf1 Rb2 35. Rb7+ Kg5 36. Rxb2 Bxb2 37. Kf2 Kf4 38. Bg6 Bd4+
39. Kg2 Be5 40. Bf7 Kf5 41. Be8 Bf6 42. Bc6 Kf4 43. Be8 e5 44. Bg6 Be7 45. Be4
g5 46. Bg6 Bc5 47. Bh5 e4 48. fxe4 Kxe4 49. Kg3 Kf5 50. Be8 Bd6+ 51. Kh3 Kf4
52. Bh5 Bc7 53. Bd1 Kf5 54. Bh5 Bd6 55. Be8 g4+ 56. Kh4 Kf4 57. Bc6 g3 58. Kh5
Bf8 59. Kh4 Bg7 60. Bg2 Be5 61. Kh5 Bg7 62. Kh4 Bf8 63. Kh5 Ke3 64. Kh4 Kf2 65.
Kh3 Be7 66. Bh1 Kg1 67. Bc6 1/2-1/2

[Event "4NCL Online Division 2"]
[Site "online"]
[Date "2020.11.17"]
[Round "7.134"]
[White "Keenan, Brendan"]
[Black "Goss, Alex"]
[Result "1/2-1/2"]
[WhiteElo "1952"]
[BlackElo "1828"]
[PlyCount "119"]
[EventDate "2020.11.17"]
[WhiteTeam "Kent KJCA Kestrels B"]
[BlackTeam "Gonzaga Cing is Believing"]

1. d4 Nf6 2. Bf4 c5 3. e3 d5 4. c3 Nc6 5. Nd2 Qb6 6. Qb3 c4 7. Qc2 g6 8. e4
Nxe4 9. Nxe4 Bf5 10. f3 h5 11. Ne2 Bg7 12. N2g3 dxe4 13. fxe4 Bg4 14. h3 Bd7
15. Bxc4 e5 16. dxe5 Nxe5 17. Bd5 Bb5 18. O-O-O O-O 19. Ne2 Qa6 20. Nd4 Nd3+
21. Rxd3 Bxd3 22. Qf2 Bc4 23. Bxc4 Qxc4 24. Kb1 Qd3+ 25. Qc2 Qxc2+ 26. Kxc2
Rac8 27. Kd3 Rfd8 28. Ke3 Bxd4+ 29. cxd4 Rc2 30. g4 Rxb2 31. gxh5 Rxa2 32. Be5
Kh7 33. hxg6+ fxg6 34. Bf6 Ra3+ 35. Kf4 Rf8 36. e5 Ra4 37. Rd1 b5 38. Kg5 Ra2
39. Rc1 Rg2+ 40. Kf4 Rf2+ 41. Kg5 Rf5+ 42. Kg4 R5xf6 43. exf6 Rxf6 44. Rc7+ Kh6
45. Rxa7 Rd6 46. Rb7 Rxd4+ 47. Kg3 b4 48. Rb5 g5 49. Rb8 Rd3+ 50. Kg4 b3 51.
Rb6+ Kg7 52. Kxg5 Rxh3 53. Rb7+ Kf8 54. Kf6 Ke8 55. Ke6 Kd8 56. Kd5 Rc3 57. Kd4
Rh3 58. Kc4 Kc8 59. Rxb3 Rxb3 60. Kxb3 1/2-1/2

[Event "4NCL Online Division 2"]
[Site "online"]
[Date "2020.11.17"]
[Round "7.141"]
[White "Higgie, Charles L"]
[Black "Alizada, Eldar"]
[Result "1/2-1/2"]
[WhiteElo "1922"]
[BlackElo "2027"]
[PlyCount "51"]
[EventDate "2020.11.17"]
[WhiteTeam "Malpas & Oswestry"]
[BlackTeam "Schach Attack"]

1. d4 Nf6 2. c4 e6 3. Nc3 d5 4. Bg5 Be7 5. e3 O-O 6. Nf3 h6 7. Bh4 b6 8. Bd3
dxc4 9. Bxc4 Bb7 10. O-O Nbd7 11. Qe2 c5 12. Rfd1 Nd5 13. Bg3 N7f6 14. dxc5
Bxc5 15. Nxd5 Bxd5 16. Bxd5 exd5 17. Qd3 Qe7 18. Bh4 Rfd8 19. Qf5 Qe6 20. Qxe6
fxe6 21. Nd4 Bxd4 22. exd4 Rac8 23. Rac1 Kf7 24. f3 Ke7 25. Kf1 Kd7 26. Ke2
1/2-1/2

[Event "4NCL Online Division 2"]
[Site "online"]
[Date "2020.11.17"]
[Round "7.142"]
[White "Simmons, Matthew"]
[Black "Hughes, Richard"]
[Result "1-0"]
[WhiteElo "2075"]
[BlackElo "1900"]
[PlyCount "81"]
[EventDate "2020.11.17"]
[WhiteTeam "Schach Attack"]
[BlackTeam "Malpas & Oswestry"]

1. e4 c5 2. Nc3 e6 3. f4 d5 4. Nf3 Nc6 5. Bb5 Bd7 6. exd5 exd5 7. Qe2+ Nce7 8.
Nxd5 a6 9. Bxd7+ Kxd7 10. Ne5+ Ke8 11. c4 f6 12. Nd3 Rc8 13. O-O Kf7 14. f5 Qd6
15. Qh5+ g6 16. fxg6+ Nxg6 17. b3 Bg7 18. Bb2 Kf8 19. Rae1 Re8 20. Rxe8+ Kxe8
21. Qf5 b5 22. Qc8+ Kf7 23. Qxc5 Qxc5+ 24. Nxc5 bxc4 25. bxc4 N8e7 26. Nxf6
Bxf6 27. Rxf6+ Ke8 28. Rxg6 Nxg6 29. Bxh8 Nxh8 30. Nxa6 Kd7 31. Kf2 Kc6 32. d4
Ng6 33. Nb4+ Kd6 34. g3 Ne7 35. c5+ Kc7 36. g4 Nc8 37. Ke3 Na7 38. a4 Nc8 39.
Ke4 Ne7 40. d5 Ng6 41. a5 1-0